Skip to content
VuFind
Login
All Fields
Title
Author
Subject
Call Number
ISBN/ISSN
Tag
Find
Advanced
පොහොය විනය කර්ම සහ කඨිණානිසංශ...
Cite this
Text this
Email this
Print
Export Record
Export to RefWorks
Export to EndNoteWeb
Export to EndNote
Export to MARC
Export to BibTeX
Export to RIS
Save to List
Permanent link
පොහොය විනය කර්ම සහ කඨිණානිසංශ කවි බණ /
Pohoya vinaya karma saha katinanisansha kavi bana
Saved in:
Bibliographic Details
Format:
Book
Published:
කෑගල්ල :
කර්තෘ,
2025.
Tags:
Add Tag
No Tags, Be the first to tag this record!
Holdings
Description
Comments
Similar Items
Staff View
MARC
LEADER
00000nam a2200000 4500
003
LK-CoNLD
005
20260220115958.0
008
260220b |||||||| |||| 00| 0 ||| d
015
|2
slnb
017
|b
LK-CoDNA
020
|a
9786249271708
040
|a
LK-CoNLD
|b
SIN
|c
LK-CoNLD
|d
LK-CoNLD
082
|2
23
|q
LK-CoNLD
245
|6
880-1
|a
පොහොය විනය කර්ම සහ කඨිණානිසංශ කවි බණ /
|c
මාවිකන්දේ රතනපාල හිමි.
260
|a
කෑගල්ල :
|b
කර්තෘ,
|c
2025.
300
|a
පි. 49 ;
|b
කබැ-බෝක : රු. 250.00
|c
සෙමී. 21.
880
|6
245-1
|a
Pohoya vinaya karma saha katinanisansha kavi bana
942
|c
BOOK
945
|a
21055
|b
M. G. D. NAWODA
|c
21055
|d
M. G. D. NAWODA
999
|c
297587
|d
297587
Similar Items
පොහොය විනය කර්ම කිරීමේ පිළිවෙල හා වෙනත් විනය කර්ම විධි/
by: විමල හිමි, මකුලෑවේ
Published: (2004)
පොහොය විනය කර්ම කිරිමේ පිළිවෙළ හා වෙනත් විනය කර්ම විධි/
by: විමල හිමි, මකුලෑවේ
Published: (2000)
පොහොය විනය කර්ම කිරිමේ පිළිවෙල හා වෙනත් විනය කර්ම විධි
by: විමල හිමි, මකුලෑවේ
Published: (2000)
පොහොය විනය කර්ම කිරීමේ පිළිවෙළ හා වෙනත් විනය කර්ම විධි
Published: (2021)
කවි බණ
Published: (1977)